000 00275nam a2200121Ia 4500
008 190216s9999||||xx |||||||||||||| ||und||
100 _aNadeem S H
245 0 _aMruthyunjayam
260 _bPoorna Pubs Kozhikode
300 _a151p
650 _aMalayalam Novel
942 _cBK
999 _c26320
_d26320